000 00261nam a2200109Ia 4500
005 20251222152712.0
008 251222s9999||||xx |||||||||||||| ||spa||
082 _a600/N86
100 _aNovoa, Cesar
245 0 _aProducción de Rumiantes Menores:
942 _cLIB
999 _c29260
_d29260